000 00835nam a2200253 a 4500
001 000030768
005 20240226131943.0
008 110527s1944 dr 000 idspa d
040 _aDO-SdBNP
_bspa
_cBNPHU
041 0 7 _afr
082 _a199.7293
_bG215u
100 1 _aAvelino, Andrés,
_d1900-1974
_931875
245 1 0 _aUne lettre à Jacques Maritain /
_cAndrés Avelino.
246 1 3 _aUne lettre à Maritain
260 _aCiudad Trujillo, República Dominicana :
_bMontalvo,
_c1944.
300 _a36 p. ;
_c25 cm.
546 _aFrancés
600 1 4 _aMARITAIN, JACQUES,
_d1882-1973
_95666
650 4 _aFilosofía
_zRepública Dominicana
_95667
650 4 _aFilosofía cristiana
_9390
650 4 _aFilósofos dominicanos
_xCorrespondencia, memorias, etc.
_95668
910 _aValidado. Control de calidad EMS
049 _aBNPD
999 _c30260
_d30260